Viajes célebres a las regiones polares
Guardat en:
| Format: | Llibre |
|---|---|
| Idioma: | espanyol |
| Publicat: |
Burgos
Lain-Calvo
1886
|
| Matèries: | |
| Etiquetes: |
Afegir etiqueta
Sense etiquetes, Sigues el primer a etiquetar aquest registre!
|
MARC
| LEADER | 00000nam a2200000 a 4500 | ||
|---|---|---|---|
| 001 | UCP7908 | ||
| 003 | CL-VaPUC | ||
| 008 | 000106e18860000SP |||||||||||||||||spa|d | ||
| 082 | 0 | 4 | |a 910.4 |b VIA |2 21 |
| 245 | 1 | 0 | |a Viajes célebres a las regiones polares |
| 300 | |a v | ||
| 942 | |c BK | ||
| 945 | |d 20000106 00:00:00 |a rherrera | ||
| 260 | |a Burgos |b Lain-Calvo |c 1886 | ||
| 650 | 0 | |a Viajes |9 257115 | |
| 650 | 7 | |a EXPEDICIONES |2 CL-VaPUC |9 268484 | |
| 650 | 7 | |a EXPLORACIONES |2 CL-VaPUC |9 371735 | |
| 650 | 0 | |a Relatos |9 369412 | |
| 650 | 7 | |a REGIONES POLARES |2 CL-VaPUC |9 338006 | |
| 651 | 7 | |a POLO NORTE |2 CL-VaPUC |9 310897 | |
| 651 | 0 | |a Polo Sur |9 262122 | |
| 583 | |a last modification |c 20000106 00:00:00 |k Rodrigo Vera | ||
| 999 | |c 284945 |d 284943 | ||
| 952 | |0 0 |1 0 |4 0 |6 910_400000000000000_VIA_1886 |7 0 |8 X |9 329263 |a BIBHIS |b BIBHIS |d 2019-11-20 |h v.1-3 |i 1376268 |o 910.4 VIA 1886 |p 1376268 |r 2024-01-30 |w 2019-11-20 |y BK_X |k HIS | ||